000 00757nam a22002177a 4500
999 _c61307
_d61307
005 20240201170802.0
008 240201s2019 gw ||||| |||| 00| 0 ger d
020 _a9783708918341 x
041 _ager
080 _a811.112.1 K-13
100 _aKadric, Mira [Author]
_921175
245 _aTranslatorische Methodik /
_cMira Kadric , Klaus Kaindl, Karin Reithofer.
250 _a6., vollständig überarbeitete und erweiterte Auflage
264 _aWien:
_b Facultas,
_c2019.
300 _a196 p;
_b24 cm.
_cill.
653 _aTranslatorische Methodik
653 _aთარგმანის მეთოდოლოგია
700 _aKaindl, Klaus
_eAuthor
_913859
700 _aReithofer, Karin
_eAuthor
_921176
942 _2udc
_cᲬᲘᲒᲜᲘ